Bồi dưỡng năng lực tự học cho học sinh với việc xây dựng và sử dụng website dạy học thể hiện qua chương "Động lực học vật rắn" lớp 12 Chương trình nâng cao Luận văn thạc Giáo dục học . Chuyên ngành: LL và PPDH Vật lý. Mã số: 60 14 10

Sparad:
Bibliografiska uppgifter
Huvudupphovsman: Phan, Thị Thùy Linh
Övriga upphovsmän: Nguyễn Quang Lạc (Hướng dẫn)
Materialtyp: Lärdomsprov Materialpaket Bok
Publicerad: Nghệ An Đại học Vinh 2012
Ämnen:
Taggar: Lägg till en tagg
Inga taggar, Lägg till första taggen!
Thư viện lưu trữ: Trung tâm Học liệu Lê Vũ Hùng, Trường Đại học Đồng Tháp
LEADER 01295ppm a22003018a 4500
001 00036536
005 20171026081025.0
008 170309s2012 ||||||Viesd
041 0 # |a Vie 
082 1 4 |a 531  |b B452D 
100 1 # |a Phan, Thị Thùy Linh 
245 0 0 |a Bồi dưỡng năng lực tự học cho học sinh với việc xây dựng và sử dụng website dạy học thể hiện qua chương "Động lực học vật rắn" lớp 12 Chương trình nâng cao  |b Luận văn thạc Giáo dục học . Chuyên ngành: LL và PPDH Vật lý. Mã số: 60 14 10  |c Phan, Thị Thùy Linh ; Nguyễn Quang Lạc (hướng dẫn) 
260 # # |a Nghệ An  |b Đại học Vinh  |c 2012 
300 # # |a 77tr.  |c 30cm. 
500 # # |a ĐTTTS ghi: Bộ giáo dục và đào tạo. Đại học Vinh 
653 # # |a Bồi dưỡng 
653 # # |a Luận văn 
653 # # |a Động lực học 
653 # # |a Tự học 
653 # # |a THPT 
700 1 # |e Hướng dẫn  |a Nguyễn Quang Lạc 
852 # # |j LV.0000926 
852 # # |b Kho đọc SĐH  |j LV.0000926 
910 |d 09/03/2017 
980 # # |a Trung tâm Học liệu Lê Vũ Hùng, Trường Đại học Đồng Tháp